000 00386nam a2200169 a 4500
001 28436
003 Mx-PuUPA
005 20230918131110.0
008 140415s1997 000 0 spa d
020 _a9688425117
040 _cMx-PuUPA
041 _aspa
082 _a330.972
_bMEN
100 _aOrozco, José Luis
245 _aSobre el orden liberal del mundo
942 _2ddc
_cLI
999 _c28436
_d28436